000
00297nam a22001337a 4500
008
170208b xxu||||| |||| 00| 0 eng d
020
_a
2900534565076
041
_a
eng
080
_2
7TH
_a
61
100
_a
3
101
_a
SHM
245
_a
INTERVENTION AND REFLECTION
_c
MUNSON, R
942
_2
udc
_c
BK
999
_c
4871
_d
4871